[Event "TUR Cup"]
[Site "Antalya"]
[Date "2019.02.02"]
[Round "10"]
[White "Ersoy, Emre"]
[Black "Kiraz, Yigit"]
[Result "0-1"]
[WhiteElo "1591"]
[BlackElo "1673"]
[PlyCount "98"]
[EventDate "2019.01.27"]
[EventType "swiss"]
[EventRounds "11"]
[EventCountry "TUR"]
[SourceTitle "CBM 188 Extra"]
[Source "ChessBase"]
[SourceDate "2019.02.26"]
[SourceVersion "1"]
[SourceVersionDate "2019.02.26"]
[SourceQuality "1"]

1. e4 c5 2. Nf3 d6 3. d4 cxd4 4. Nxd4 Nf6 5. Nc3 g6 6. Be3 Bg7 7. Bc4 Nc6 8. f3 Bd7 9. Qd2 0-0 10. 0-0-0 Qa5 11. Bb3 Rfc8 12. Nde2 Ne5 13. Bh6 b5 14. h4 Nc4 15. Bxc4 Rxc4 16. Bxg7 Kxg7 17. Kb1 h5 18. Nd5 Qxd2 19. Rxd2 Nxd5 20. Rxd5 Rac8 21. c3 Be6 22. Rxb5 R4c7 23. b3 d5 24. exd5 Bf5+ 25. Kb2 Bd3 26. Nd4 Bxb5 27. Nxb5 Rb7 28. c4 a6 29. Nd4 Rxc4 30. Nc6 Rf4 31. Kc3 Rd7 32. Nb8 Rxd5 33. Nxa6 Ra5 34. Nb4 Rc5+ 35. Kb2 Rxb4 36. a3 Rd4 37. b4 Re5 38. Kc3 Rf4 39. Rb1 Re3+ 40. Kb2 Rd4 41. Ka1 Rd2 42. Rb2 Rxa3+ 43. Kb1 Rxb2+ 44. Kxb2 Re3 45. f4 Kf6 46. b5 Kf5 47. g3 Kg4 48. b6 Re6 49. Kc3 Rxb6 0-1

[Event "TUR Cup"]
[Site "Antalya"]
[Date "2019.02.01"]
[Round "9"]
[White "Kiraz, Yigit"]
[Black "Dogdu, Mehmet"]
[Result "0-1"]
[WhiteElo "1673"]
[BlackElo "1940"]
[PlyCount "82"]
[EventDate "2019.01.27"]
[EventType "swiss"]
[EventRounds "11"]
[EventCountry "TUR"]
[SourceTitle "CBM 188 Extra"]
[Source "ChessBase"]
[SourceDate "2019.02.26"]
[SourceVersion "1"]
[SourceVersionDate "2019.02.26"]
[SourceQuality "1"]

1. d4 Nf6 2. c4 e6 3. Nf3 Bb4+ 4. Bd2 a5 5. a3 Bxd2+ 6. Nbxd2 0-0 7. e3 d6 8. Be2 Qe7 9. 0-0 e5 10. b3 Re8 11. d5 Na6 12. Qc2 Bd7 13. Rfb1 c6 14. e4 Rec8 15. Qd1 Nc5 16. Qc2 b5 17. b4 Na4 18. Qb3 bxc4 19. Qxa4 cxd5 20. Qc2 c3 21. Nb3 dxe4 22. Nxa5 d5 23. Ne1 d4 24. Rd1 Bf5 25. Nb3 Qd6 26. Nc5 Rxc5 27. bxc5 Qxc5 28. Rdb1 h5 29. Rb5 Qc7 30. a4 Ng4 31. Bxg4 hxg4 32. Rb3 Rc8 33. Qd1 d3 34. Nc2 e3 35. Nxe3 c2 36. Nxc2 dxc2 37. Qc1 Qc4 38. Re3 Rb8 39. Qd2 Qd4 40. Qc1 Rb1 41. Re1 Qxa1 0-1

[Event "TUR Cup"]
[Site "Antalya"]
[Date "2019.01.31"]
[Round "7"]
[White "Kiraz, Yigit"]
[Black "Sahin, Handenur"]
[Result "0-1"]
[WhiteElo "1673"]
[BlackElo "1998"]
[PlyCount "98"]
[EventDate "2019.01.27"]
[EventType "swiss"]
[EventRounds "11"]
[EventCountry "TUR"]
[SourceTitle "CBM 188 Extra"]
[Source "ChessBase"]
[SourceDate "2019.02.26"]
[SourceVersion "1"]
[SourceVersionDate "2019.02.26"]
[SourceQuality "1"]

1. Nf3 d5 2. c4 c6 3. g3 Nf6 4. Bg2 Bg4 5. Ne5 Be6 6. d4 Nbd7 7. cxd5 Bxd5 8. Nf3 e6 9. 0-0 Be7 10. Nc3 0-0 11. Qc2 Qb6 12. e4 Bc4 13. Rd1 Rfd8 14. Bf4 Bb4 15. b3 Bxc3 16. Qxc3 Be2 17. Re1 Nxe4 18. Qe3 Bxf3 19. Bxf3 Nef6 20. Qc3 Nf8 21. Be5 Nd5 22. Bxd5 Rxd5 23. Rad1 Ng6 24. Bf4 Nxf4 25. gxf4 Rad8 26. Qf3 Rxd4 27. f5 Rxd1 28. Rxd1 exf5 29. Rxd8+ Qxd8 30. Qe3 b6 31. Qc1 Qd5 32. Qf1 g6 33. Qa6 Qd7 34. Qe2 c5 35. Qe5 Qd8 36. Qc3 Qd4 37. Qc1 b5 38. Qa3 c4 39. bxc4 bxc4 40. Qa4 Kg7 41. Kg2 Qc5 42. Qc2 Qd5+ 43. Kg1 Qd3 44. Qb2+ c3 45. Qb8 Qd1+ 46. Kg2 Qd4 47. Qb3 a5 48. a4 Qb4 49. Qc2 Qe4+ 0-1

[Event "TUR-chT2"]
[Site "Konya"]
[Date "2018.07.13"]
[Round "6.8"]
[White "Kiraz, Yigit"]
[Black "Toker, Kenan"]
[Result "1-0"]
[WhiteElo "1658"]
[BlackElo "1647"]
[PlyCount "80"]
[EventDate "2018.07.10"]
[EventType "team-swiss"]
[EventRounds "9"]
[EventCountry "TUR"]
[SourceTitle "EXT 2019"]
[Source "ChessBase"]
[SourceDate "2018.10.10"]
[SourceVersion "1"]
[SourceVersionDate "2018.10.10"]
[SourceQuality "1"]
[WhiteTeam "Denizli Onay"]
[BlackTeam "Samsun Genclik"]
[WhiteTeamCountry "TUR"]
[BlackTeamCountry "TUR"]

1. d4 Nf6 2. Nf3 c5 3. c3 e6 4. Bf4 Nc6 5. e3 Qb6 6. Qb3 d5 7. Qxb6 axb6 8. Bb5 Be7 9. Bc7 Bd8 10. Bxd8 Kxd8 11. Bxc6 bxc6 12. Ne5 Ke8 13. Nxc6 Nd7 14. Ne5 Nxe5 15. dxe5 Ba6 16. Na3 Bd3 17. Kd2 Ba6 18. Rhc1 Ke7 19. Nc2 Ra7 20. b4 Rf8 21. a4 f6 22. exf6+ Rxf6 23. Ke1 Bd3 24. a5 Kd6 25. axb6 Raf7 26. f3 Kc6 27. bxc5 Kxc5 28. Rcb1 Rb7 29. Ra5+ Kd6 30. Kd2 Bg6 31. Ra7 Rff7 32. Rxb7 Rxb7 33. Rb4 e5 34. f4 Be4 35. g3 g6 36. fxe5+ Kxe5 37. Nd4 Kd6 38. Nb3 Rb8 39. b7 Kc7 40. Nc5 Re8 1-0

[Event "Manavgat Turkey Cup"]
[Site "Manavgat"]
[Date "2015.02.05"]
[Round "9"]
[White "Fazla, Onder Zafer"]
[Black "Kiraz, Yigit"]
[Result "1-0"]
[WhiteElo "1806"]
[BlackElo "1589"]
[PlyCount "25"]
[EventDate "2015.01.31"]
[EventType "swiss"]
[EventRounds "11"]
[EventCountry "TUR"]
[SourceTitle "CBM 164 Extra"]
[Source "ChessBase"]
[SourceDate "2015.03.02"]
[SourceVersion "1"]
[SourceVersionDate "2015.03.02"]
[SourceQuality "1"]

1. d4 d5 2. c4 dxc4 3. Nc3 Nf6 4. e3 e5 5. Bxc4 exd4 6. exd4 Be7 7. Nf3 0-0 8. 0-0 Bg4 9. Be3 Nc6 10. Be2 Re8 11. a3 Bf5 12. b4 g6 13. b5 1-0

[Event "Manavgat Turkey Cup"]
[Site "Manavgat"]
[Date "2015.02.04"]
[Round "7"]
[White "Kiraz, Yigit"]
[Black "Ozkahya, Emiray"]
[Result "1-0"]
[WhiteElo "1589"]
[BlackElo "1386"]
[PlyCount "49"]
[EventDate "2015.01.31"]
[EventType "swiss"]
[EventRounds "11"]
[EventCountry "TUR"]
[SourceTitle "CBM 164 Extra"]
[Source "ChessBase"]
[SourceDate "2015.03.02"]
[SourceVersion "1"]
[SourceVersionDate "2015.03.02"]
[SourceQuality "1"]

1. e4 c5 2. Nf3 d6 3. d4 cxd4 4. Nxd4 Nf6 5. Nc3 a6 6. Be3 e5 7. Nb3 Be7 8. f3 0-0 9. Qd2 Be6 10. 0-0-0 b5 11. g4 Re8 12. h4 Nc6 13. h5 Nd7 14. g5 Nf8 15. Kb1 Na5 16. g6 fxg6 17. hxg6 Nxg6 18. Qh2 Kf7 19. Nc5 Qc8 20. Nxe6 Qxe6 21. Nd5 Qc8 22. Nb6 Qc7 23. Nxa8 Rxa8 24. Qd2 Kg8 25. Qd5+ 1-0